000 00641nam a2200229 a 4500
005 20210223123816.0
008 991125n 000 0 u
035 _aUPN01000068340
100 1 _aLinn, Robert L.
_929022
222 _aEDUCATIONAL RESEARCHER
245 _aComplex, performance-based assessment : expectations and validation criteria
300 _a15-23
362 0 _a20, No. 8, 1991
505 0 _aAbril 1992
653 0 _aAVALUO EDUCATIVO
653 0 _aCRITERIOS DE EVALUACION
653 0 _aVALIDEZ
700 1 _aBaker, Eva L.
_932413
700 1 _aDunbar, Stephen B.
904 _aAC
_b006151
905 _aArticulo
999 _c64506
_d64506